LEADER 01311nam a2200277 4500 001 000000338795 003 CaOOAMICUS 005 20200114121323.0 008 200113s2019 it a 000 u ita r 020 $a978-88-266-0335-3 040 $aSeMil$bita 100 1 $aDe Carli, Vittore,$d<1958- >.$0(OLS)http://semarc/name/52561 245 10$aCome seme che germoglia :$bsacerdoti nella malattia /$cVittore De Carli ; prefazione del Card. Angelo Comastri. 264 1$aCittà del Vaticano :$bLibreria Editrice Vaticana,$c2019. 300 $a123 p. :$bill. ;$c22 cm 541 0 $aFondo mons. Mario Delpini 650 4$aPresbiteri - Malattia.$0(OLS)http://semarc/subject/48927 700 1 $aComastri, Angelo,$c,$eautore di introduzione.$0(OLS)http://semarc/name/5864 830 0$aVolti [Libreria ed. vaticana].$0(OLS)http://semarc/title/422201 850 $aSeMil 852 $aSeMil$W1$xVenegono$y1$m3G III 401$j218771$B230660$CSeMilBibl$Z2$F230660 $81 941 1 $a7 996 $6020$a978-88-266-0335-3$9(OLS)http://semarc/number/289576 996 $6245$aCome seme che germoglia :$bsacerdoti nella malattia$9(OLS)http://semarc/title/427609 996 $6264$aCittà del Vaticano :$bLibreria Editrice Vaticana$9(OLS)http://semarc/publisher/29734 LEADER 00986nam a2200265 i 4500 001 000000228106 003 CaOOAMICUS 005 20190530135548.0 008 140318s1986 it u000 u ita u 013 $a207008 020 $a88-10-20546-4 040 $aSeMil$bita 245 10$a1. 264 1$aBologna :$bEDB,$c1986. 300 $a378 p. ;$c24 cm 490 0 $aLettura pastorale della Bibbia ;$v18 773 0 $tComunità legge il Vangelo di Luca.$dBologna : EDB, 1986-1988.$kLettura pastorale della Bibbia $g1$w()29570 830 0$aLettura pastorale della Bibbia ;$v18.$0(OLS)http://semarc/title/557 850 $aSeMil 852 $aSeMil$W1$xVenegono$y1$m2YA W 18$j264265$B178452$CSeMilBibl$Z2$F189670 $81 961 $aOmaggio: Altro 996 $6020$a88-10-20546-4$9(OLS)http://semarc/number/230027 996 $6245$a1$9(OLS)http://semarc/title/6508 996 $6264$aBologna :$bEDB$9(OLS)http://semarc/publisher/29669